Statistics for Bruce - Matilda The Musical Lyrics

Click here to take the quiz!

General Stats

  • This quiz has been taken 24 times
  • The average score is 203 of 339

Answer Stats

Answer% Correct
Bruce
100%
Bruce,
100%
(Bruce)
100%
He
95%
I
95%
A
90%
a
90%
be
90%
can
90%
can't
90%
Or
90%
or
90%
even
86%
in
86%
in,
86%
It
86%
it
86%
nice
86%
No
86%
slice
86%
two,
86%
you
86%
You
86%
you,
86%
admit
81%
and
81%
Between
81%
But
81%
Have
81%
have
81%
lot
81%
might
81%
not
81%
of
81%
single
81%
surely
81%
the
81%
The
81%
There's
81%
to
81%
been
76%
Eat
76%
eat
76%
explode
76%
fantastic,
76%
Go
76%
go
76%
size
76%
difference
71%
elastic
71%
watch
71%
What
71%
at
67%
him
67%
look
67%
your
67%
her
62%
He's
62%
man,
62%
must
62%
quite
62%
are
57%
blow,
57%
going
57%
is
57%
Is
57%
make
57%
we
57%
We
57%
again
52%
confirm,
52%
never
52%
stop
52%
This
52%
worm,
52%
bit
48%
effect
48%
inside
48%
largeness
48%
maybe
48%
on
48%
our
48%
roomier
48%
subject
48%
TARDIS
48%
abuse
43%
all
43%
cake
43%
chocolate
43%
Considerably
43%
do,
43%
do
43%
don't
43%
Don't
43%
hero
43%
let
43%
Let
43%
lick
43%
like
43%
think
43%
win
43%
yourself
43%
BROOCE
38%
caboose
38%
Come
38%
come
38%
Cover
38%
give
38%
glory
38%
Just
38%
just
38%
Oh,
38%
She'll
38%
suspected
38%
truce,
38%
call
33%
coming
33%
For
33%
here
33%
immense
33%
possible
33%
that
33%
thought
33%
true
33%
use
33%
whatever
33%
Whatever
33%
you'll
33%
You'll
33%
has
29%
noose
29%
put
29%
time
29%
too
29%
was
29%
almost
24%
out
24%
You're
24%
fit
19%
goose
19%
stuff
19%
swallow
19%
tightening
19%
trousers
19%
tumbly-tum
19%
With
19%
belt,
14%
Brucey !
14%
cooked
14%
every
14%
finished
14%
gastric
14%
juice
14%
loose
14%
produce,
14%
up
14%
up,
14%
bite
10%
chuck
10%
Completely
10%
enthusiastic
10%
excuse,
10%
Fantastically
10%
more
10%
muck
10%
one
10%
suck
10%
want
10%
you'll've
5%
ah-ah-ah-ah
0%
ah-ah-ah-ah-ah
0%

Score Distribution

Percentile by Number Answered

Percent of People with Each Score

Your Score History

You have not taken this quiz